Dal jsem ti oči, a tys je upřela do temnot /
Oceňovaný magickorealistický feministický folk horor z katalánských kopců oslavuje ženské tělo ve všech podobách a rozbíjí stereotypy o ženské identitě.
Uloženo v:
| Hlavní autor: | |
|---|---|
| Další autoři: | |
| Médium: | E-kniha |
| Jazyk: | Czech |
| Vydáno: |
V Praze :
Paseka,
2026
|
| Vydání: | Vydání první |
| Témata: | |
| Tagy: |
Žádné tagy |
| LEADER | 02812nam a2200409 i 4500 | ||
|---|---|---|---|
| 001 | 301443 | ||
| 003 | CZ PrSKC | ||
| 005 | 20260429063157.0 | ||
| 007 | ta | ||
| 008 | 260327s2026 xr g 000 f cze | ||
| 015 | |a cnb003747630 | ||
| 020 | |a 9788076375833 |q (brožováno) | ||
| 040 | |a ABG001 |b cze |e rda | ||
| 041 | 1 | |a cze |h cat | |
| 072 | 7 | |a 821.13 |x Románské literatury |2 Konspekt | |
| 080 | |a 821.134.1-31 |2 MRF | ||
| 080 | |a (0:82-31) |2 MRF | ||
| 100 | 1 | |a Solà, Irene, |d 1990- |7 jo20191050061 |4 aut | |
| 240 | 1 | 0 | |a Vaig donar ulls i vas mirar les tenebres. |l Česky |
| 245 | 1 | 0 | |a Dal jsem ti oči, a tys je upřela do temnot / |c Irene Solà ; přeložil Michal Brabec |
| 250 | |a Vydání první | ||
| 264 | 1 | |a V Praze : |b Paseka, |c 2026 | |
| 300 | |a 180 stran ; |c 20 cm | ||
| 336 | |a text |b txt |2 rdacontent | ||
| 337 | |a bez média |b n |2 rdamedia | ||
| 338 | |a svazek |b nc |2 rdacarrier | ||
| 500 | |a Přeloženo z katalánštiny | ||
| 520 | 2 | |a Oceňovaný magickorealistický feministický folk horor z katalánských kopců oslavuje ženské tělo ve všech podobách a rozbíjí stereotypy o ženské identitě. |b Zatuchlý vzduch statku prostupuje vůně tymiánu a obětovaného kozla. Stařičká Bernadeta umírá a ženy rodu Clavellových chystají hostinu, aby ji na druhém břehu přivítaly. V bujarém podsvětí se prolínají groteskní výjevy se vzpomínkami, které odhalují rodová tajemství. Matriarcha Joana kdysi uzavřela pakt s ďáblem, aby získala dokonalého muže. Jenže po veselce zjistila, že Bernadímu chybí prst na noze, a tak svou část dohody nedodržela. Na všechny ženy z rodu proto padla kletba: Bernadeta vidí věci, které by neměla, Margarita je vzteklá, protože má tříčtvrteční srdce, a Blančina ústa bez jazyka připomínají prázdné hnízdo. Vypravěčský hlas lehce stírá hranice mezi mrtvými a živými, minulostí a přítomností, skutečností a tím, čemu chceme věřit. Legendy a rčení putují napříč generacemi, aby nám připomněly, kdo jsme. Odkud vychází světlo a kde číhá temnota. Nakladatelská anotace. Kráceno. | |
| 655 | 7 | |a katalánské romány |7 fd183773 |2 czenas | |
| 655 | 9 | |a Catalan fiction |2 eczenas | |
| 700 | 1 | |a Brabec, Michal, |d 1981- |7 mzk2009492017 |4 trl | |
| 710 | 2 | |a Nakladatelství Paseka |7 kn20080729011 |4 pbl | |
| 900 | |a ABG001 |b 19 | ||
| 044 | |a xr | ||
| 910 | |a RBIT002 | ||
| 998 | |d 426280 |a https://core.palmknihy.cz/api/books/426280/cover?tdmudq |b https://core.palmknihy.cz/api/books/426280/cover/400?tdmudq |c https://core.palmknihy.cz/api/books/426280/cover/50?tdmudq |e 2032-03-01 |g 184 |i 9788076375833 |j https://core.palmknihy.cz/api/books/426280/preview.epub |k https://core.palmknihy.cz/api/books/426280/preview.pdf |l |q 49 |r 1 |s https://www.palmknihy.cz/kniha/426280 |t ebook |y 2026 |z 0 | ||
| 999 | |d 301441 | ||